000 00458nam a2200157Ia 4500
008 240729s9999 xx 000 0 und d
022 _a2345-5977
245 0 _aResearch Journal of Pharmacognosy
260 _aIran, Islamic Republic of
260 _bIranian Society of Pharmacognosy
650 _a Pharmacy and materia medica
650 _aMedicine
856 _uhttps://doaj.org/toc/8c651efdf1964935a5fa6b5ef3934f79
942 _2ddc
942 _cDOAJEJ
999 _c74869
_d74869
945 _a1
_bMadushi Gamage
_c1
_dMadushi Gamage